LEADER 01154nam a2200265 i 4500 001 000000243397 003 CaOOAMICUS 005 20251224102327.0 008 150702s1898 fr u000 u fre u 013 $a222302 040 $aSeMil$bita 100 0 $aThomas : a Kempis,$d.$0(OLS)http://semarc/name/11742 240 00$aDe imitatione Christi libri quatuor.$0(OLS)http://semarc/title/352909 245 14$aLes quatre livres de l'Imitation de Jésus-Christ /$ctraduction et commentaires par Mgr P. E. Puyol. 260 $aParis :$bVictor Retaux,$c1898. 300 $aXXI, 573 p. ;$c21 cm. 650 4$aDe imitatione Christi.$0(OLS)http://semarc/subject/4776 700 1 $aPuyol, Pierre Édouard,$d<1835-1904>.$0(OLS)http://semarc/name/14941 850 $aSeMil 852 $aSeMil$W1$xVenegono$y1$m3F IV 124 FA$j193743$B193743$CSeMilBibl$Z2$F204468 $8I 900 1 $aThomas : von Kempen. 996 $6245$aLes quatre livres de l'Imitation de Jésus-Christ$9(OLS)http://semarc/title/345234 996 $6260$aParis :$bVictor Retaux$9(OLS)http://semarc/publisher/39278 LEADER 01493nam a2200337 i 4500 001 000000193667 003 CaOOAMICUS 005 20110124000000.0 008 110124s2009 it u000 u ita u 013 $a172310 040 $aSeMil$bita 100 0 $aPaulus VI,$c.$0(OLS)http://semarc/name/803 245 10$aCari sacerdoti :$braccolta antologica /$cGiovanni Battista Montini ; a cura di Leonardo Sapienza. 260 $a[S.l.] :$bLeonardo Sapienza,$ccopyr. 2009 (stampa 2010) 260 $a[S.l.] :$bG. Corbo,$ccopyr. 2009 (stampa 2010) 300 $a387 p. ;$c24 cm. 500 $aDono del Card. Dionigi Tettamanzi. 650 4$aPaolo VI - Insegnamenti.$0(OLS)http://semarc/subject/17551 650 4$aPaolo VI - Sacerdozio.$0(OLS)http://semarc/subject/8461 700 1 $aSapienza, Leonardo,$c.$0(OLS)http://semarc/name/39296 850 $aSeMil 852 $aSeMil$W1$xVenegono$y1$m2A IV 442$j144241$B144241$CSeMilBibl$Z2$F156025 $81 900 1 $aMontini, Giovanni Battista,$d<1897-1978>. 900 0 $aPaolo VI$c. 941 1 $a5 961 $aOmaggio: Tettamanzi Card. Dionigi 996 $6245$aCari sacerdoti :$braccolta antologica$9(OLS)http://semarc/title/279231 996 $6260$a[S.l.] :$bG. Corbo$9(OLS)http://semarc/publisher/50494 996 $6260$a[S.l.] :$bLeonardo Sapienza$9(OLS)http://semarc/publisher/50495